Представление документа в формате RUSMARC

ПолеНазваниеЗначение
  Тип записи a
  Библиографический уровень m
001 Контрольный номер 795c0b814cf645cf867b1aa57e9785c2
005 Дата корректировки 20190212052514.8
010 Индекс ISBN __
a ISBN 978-5-534-06548-0
101 Язык документа 0_
a Язык текста rus
102 Страна публикации __
a Страна публикации RU
200 Заглавие и сведения об ответственности 1_
a Заглавие Экономическая теория
b Общее обозначение материала Текст
e Сведения, относящиеся к заглавию учебник
f Первые сведения об ответственности Е.Н. Лобачева
210 Выходные данные 1_
a Место издания Москва
c Издательство Издательство Юрайт
d Дата издания 2019
215 Физическое описание __
a Объем 539 с.
c Иллюстрации/тип воспроизводства ил.
610 Ключевые слова 0_
a Ключевые слова общие вопросы экономической теории
a Ключевые слова микроэкономика
a Ключевые слова макроэкономика
686 Индексы других классификаций __
a Классификационный индекс 65.01
700 Автор _1
a Фамилия Лобачева
b Имя Е.Н.
801 Источник записи _0
a Страна RU
b Организация РУК Камчатский филиал
g Правила каталогизации PSBO
801 Источник записи _1
a Страна RU
b Организация РУК
g Правила каталогизации PSBO
852 Данные о местонахождении __
i Авторский знак Э 40
j Шифр хранения ББК 65.01
901 Тип документа __
t Тип документа m
937 Технологическая информация __
a Создатель записи (имя) Довгалёва
938 Служебная информация __
a Название организации Камчатский филиал
952 Тип литературы __
b Гриф литературы для ВШ гриф
c Вид литературы учебник